The Complex Variables Problems Solver : A Complete Solution Guide to Any Textbook /

-д хадгалсан:
Номзүйн дэлгэрэнгүй
Үндсэн зохиолч: Milewski, Emil G. (autor)
Бусад зохиолчид: Fogiel, Max (presentación) (presentación)
Формат: Ном
Хэл сонгох:англи
Хэвлэсэн: Piscataway, EUA : Research and Education Association, 1998, c1998
Цуврал:(REA's Problem Solvers)
Нөхцлүүд:
Шошгууд: Шошго нэмэх
Шошго байхгүй, Энэхүү баримтыг шошголох эхний хүн болох!

MARC

LEADER 00000nam^a2200000^a^4500
001 000142919
005 20250521000000.0
009 20260310095707.207
020 |a 0-87891-604-0 
037 |a Acervo ITESO - Biblioteca 
041 |a ING 
082 |a 515. 9076  |b MIL 
100 |a Milewski, Emil G.  |e (autor) 
245 1 4 |a The Complex Variables Problems Solver :  |b A Complete Solution Guide to Any Textbook /  |c E.G. Milewski ; presen. de M. Fogiel. 
264 4 |a Piscataway, EUA :  |b Research and Education Association,  |c 1998, c1998 
300 |a XIV, 913 p. 
336 |a texto  |b txt  |2 rdacontenido 
337 |a sin mediación  |b n  |2 rdamedio 
338 |a volumen  |b nc  |2 rdasoporte 
440 1 |a (REA's Problem Solvers) 
649 |a XX 
650 |a Funciones (Matemáticas) -  |x Problemas, Ejercicios, etc. 
650 |a Números Complejos 
650 |a Teoría de la Capa Límite 
650 |a Funciones de Variables Complejas 
650 |a Funciones Elementales 
650 |a Funciones Analíticas 
650 |a Funciones Armónicas 
650 |a Cálculo Diferencial 
650 |a Series (Matemáticas) 
650 |a Cálculo -  |x Problemas, Ejercicios, etc. 
650 |a Geometría -  |x Problemas, Ejercicios, etc. 
650 |a Física Matemática -  |x Problemas, Ejercicios, etc 
650 |a Física -  |x Problemas, Ejercicios, etc. 
650 |a Matemáticas -  |x Problemas, Ejercicios, etc. 
700 |a Fogiel, Max  |e (presentación) 
910 |a Fondo General 
920 |a Impresos - Libros 
930 |a Colección General 
905 |a 101 
901 |a 0500071660  |b IT1  |c ACC  |u 20250521 
902 |a https://opac.biblio.iteso.mx/vufind/Record/000142919